| 000 | 00348nam a2200133Ia 4500 | ||
|---|---|---|---|
| 008 | 231228s1997 xx 000 0 und d | ||
| 041 | _aeng | ||
| 082 |
_a658.4`0388 _bKAN |
||
| 100 | _aKANTER (Jerome) | ||
| 245 | _aManaging With Information | ||
| 250 | _a4th | ||
| 260 |
_aNew Delhi _bPrentice Hall of India New Delhi _c1997 |
||
| 300 | _axx, 444 | ||
| 999 |
_c1082401 _d1082401 |
||